Novinky v obchodnom registri od 1. 10. 2020
Doplnenie Obchodného zákonníka a zákona o obchodnom registri zákonom č. 390/2019 Z. z. Zmeny v oblasti obchodného registra s účinnosťou od 1. 10. 2020: zapisovanie údajov o subjektoch zapísaných v registri, spôsob zapisovania elektronickými prostriedkami, preukazovanie oprávnenia na užívanie nehnute...
Salvato in:
| Autore principale: | |
|---|---|
| Natura: | Capitolo di libro |
| Lingua: | slovacco |
| Soggetti: | |
| Tags: |
Nessun Tag, puoi essere il primo ad aggiungerne!!
|
MARC
| LEADER | 00000naa a2200000 4500 | ||
|---|---|---|---|
| 001 | 0269086 | ||
| 005 | 20201008140314.5 | ||
| 041 | 0 | |a slo | |
| 044 | |a SK | ||
| 245 | 1 | 0 | |a Novinky v obchodnom registri od 1. 10. 2020 |c Mikuláš Hamuľák |
| 520 | |a Doplnenie Obchodného zákonníka a zákona o obchodnom registri zákonom č. 390/2019 Z. z. Zmeny v oblasti obchodného registra s účinnosťou od 1. 10. 2020: zapisovanie údajov o subjektoch zapísaných v registri, spôsob zapisovania elektronickými prostriedkami, preukazovanie oprávnenia na užívanie nehnuteľnosti, zmeny v oblasti s. r. o., podnikanie zahraničných osôb, výmaz subjektov z registra, likvidácia po novom a iné. | ||
| 610 | 2 | 0 | |a register obchodný |
| 610 | 2 | 0 | |a právo obchodné |
| 610 | 2 | 0 | |a zákonník obchodný |
| 610 | 2 | 0 | |a novelizácia |
| 610 | 2 | 0 | |a správa verejná elektronická |
| 610 | 2 | 0 | |a spoločnosti s r.o. |
| 610 | 2 | 0 | |a živnostníci |
| 610 | 2 | 0 | |a osoby zahraničné |
| 610 | 2 | 0 | |a likvidácia |
| 100 | 1 | |a Hamuľák, Mikuláš | |